00233 a2200097 4500000002500000020001800025100002000043245005000063260001400113264000800127 nam a22 7a 4500 a9781032599281 aTurjman,Fadi AL aDrones in IOT Enabled spaces ( smart city 5G) bCRCc2019 bCRC